Asalto rápido, ataque preventivo.. El Teatro doméstico de la guerra y las nuevas disidencias /
Guardat en:
| Autor principal: | |
|---|---|
| Format: | Text |
| Etiquetes: |
Afegir etiqueta
Sense etiquetes, Sigues el primer a etiquetar aquest registre!
|
MARC
| LEADER | 00000 a a2200000 04500 | ||
|---|---|---|---|
| 001 | 10132 | ||
| 003 | |||
| 040 | |||
| 100 | |a Pratt, Mary Louise | ||
| 245 | |a Asalto rápido, ataque preventivo.. El Teatro doméstico de la guerra y las nuevas disidencias / |c Mary Louise Pratt | ||
| 773 | |g número 19; páginas 134-145 | ||
| 999 | |c 27035 |d 27035 | ||
